| 000 | 01146nas a2200385 4500 | ||
|---|---|---|---|
| 001 | BR0000053 | ||
| 003 | BR-BrBNA | ||
| 005 | 20231205101626.0 | ||
| 007 | ta | ||
| 008 | 230509b bl.|||p| |||| 00| 00por d | ||
| 040 |
_aBR-BrBNA _bpor _cBiblioteca Nacional de Agricultura |
||
| 041 | _a(Pt) | ||
| 072 | _aL02; F04 | ||
| 100 | 1 | _aSoares, J.P.G. | |
| 100 | 1 | _aAroeira, L.J.M. | |
| 100 | 1 | _aPereira, O.G. | |
| 100 | 1 | _aMartins, C.E. | |
| 100 | 1 | _aValadares Filho, S. de C. | |
| 100 | 1 | _aLopes, F.C.FF. | |
| 100 | 1 | _aVerneque, R. da S. | |
| 245 | 1 | _aCapim-Elefante (Pennisetum purpureum Schum.), sob duas doses de nitrogenio: consumo e producao de leite | |
| 650 | _aVaca | ||
| 650 | _aCapim Elefante | ||
| 650 | _aGado Holandes | ||
| 650 | _aProducao Leiteira | ||
| 650 | _aConsumo | ||
| 650 | _aFertilizante Nitrogenado | ||
| 650 | _aMateria Seca | ||
| 650 | _aIntestino | ||
| 650 | _aFezes | ||
| 650 | _aModelo Matematico | ||
| 773 | 0 |
_tRevista Brasileira de Zootecnia (Brazil) _xISSN 1516-3598 _g(Jul-Aug 1999), v. 28(4) p. 889-897 _wBR0000053 |
|
| 909 |
_a202311 _bLúcia _c55 _dLúcia Elande |
||
| 942 |
_2AGRIS _n0 _cANA |
||
| 999 |
_c162888 _d162888 |
||